隣接数の多い市町村 - Statistics

General Stats
  • This quiz has been taken 447 times
  • The average score is 52 of 77
Answer Stats
隣接数 都道府県 備考 市町村 % Correct
16 愛知県 名古屋市
98%
12 埼玉県 さいたま市
96%
15 長野県 内水面隣接1 長野市
94%
14 長野県 松本市
93%
11 北海道 札幌市
92%
13 静岡県 静岡市
89%
12 福岡県 福岡市
89%
14 愛知県 豊田市
88%
10 滋賀県 大津市
88%
11 北海道 旭川市
87%
12 宮城県 仙台市
86%
11 静岡県 浜松市
86%
11 奈良県 奈良市
86%
11 徳島県 那賀町
86%
10 岐阜県 岐阜市
86%
10 岐阜県 高山市
86%
15 埼玉県 秩父市
85%
12 群馬県 高崎市
85%
11 福岡県 架橋等隣接1 北九州市
85%
12 京都府 京都市
83%
12 熊本県 熊本市
83%
15 長野県 飯田市
82%
11 福島県 郡山市
79%
13 岐阜県 大垣市
78%
11 長野県 上田市
78%
11 大阪府 大阪市
77%
14 滋賀県 甲賀市
76%
11 北海道 北見市
76%
11 埼玉県 川越市
76%
10 新潟県 新潟市
76%
13 長野県 伊那市
74%
12 福岡県 久留米市
74%
11 神奈川県 相模原市
74%
12 大分県 日田市
73%
10 山梨県 甲府市
73%
10 岡山県 岡山市
72%
10 岩手県 盛岡市
71%
10 富山県 富山市
71%
10 広島県 広島市
71%
11 新潟県 長岡市
70%
10 栃木県 宇都宮市
69%
10 埼玉県 熊谷市
69%
11 滋賀県 高島市
68%
10 青森県 弘前市
66%
10 和歌山県 田辺市
66%
12 岐阜県 関市
65%
11 宮城県 大崎市
64%
10 埼玉県 所沢市
64%
10 石川県 白山市
64%
10 徳島県 三好市
64%
13 福岡県 飯塚市
62%
11 奈良県 生駒市
61%
11 鹿児島県 霧島市
60%
12 千葉県 野田市
58%
12 奈良県 五條市
58%
10 熊本県 八代市
57%
12 長野県 大町市
56%
10 群馬県 沼田市
53%
10 埼玉県 飯能市
53%
11 長野県 茅野市
52%
10 山梨県 南アルプス市
52%
11 徳島県 点隣接3 美馬市
50%
10 秋田県 湯沢市
50%
10 埼玉県 久喜市
50%
11 福島県 喜多方市
49%
10 福島県 二本松市
49%
10 岡山県 真庭市
48%
13 北海道 芦別市
47%
10 岐阜県 揖斐川町
46%
10 愛媛県 久万高原町
43%
10 茨城県 内水面隣接1 古河市
41%
11 北海道 上川町
39%
10 静岡県 島田市
39%
11 北海道 幌加内町
36%
10 群馬県 中之条町
35%
10 和歌山県 かつらぎ町
33%
10 高知県 いの町
33%
No matching quizzes found
Score Distribution
Percent of People with Each Score
Percentile by Number Answered
Your Score History
You have not taken this quiz